00592nam a22001217a 4500008004100000020001500041050001200056100001400068245009000082260004300172300002400215505023100239140714b xxu||||| |||| 00| 0 eng d a9964302738 aH62,OP5 aOpuku J Y aA short guide to research writing in the social sciences and education. /cJ Y Opoku. aAccra:bGhana university press,c2012. a108p:bill.;c19cm. aContents: The research proposal -- General introduction to the research -- Methodology -- Analysis of data and presentation of results -- Discussion,conclusions and additional information -- Appendices -- Recommended reading